000 00499nam a2200205Ia 4500
003 OSt
005 20220926044211.0
006 a|||||r|||| 00| 0
007 ta
008 220923b |||||||| |||| 00| 0 eng d
037 _cGeneral Book
040 _aRTL
_cRTL
_beng
041 _2eng
_aeng
082 _aQ29M8k
245 0 _aGUIDE TO Arya Samaj
_b Abroad
300 _a24p. Plates
_ccm.
650 _aHinduism
_98459
942 _hQ29M8k
_cGB
_2CC
999 _c674227
_d674227